000 00191 a2200097 4500
020 _a9781591290018
041 _aeng
100 _aDavenport, chari
245 _aThe christmas party
942 _cBK
999 _c8199
_d8199